000 00686nam a2200289Ia 4500
005 20260324141138.0
008 008 260324s9999 xx 000 0 eng d
020 _a9780203130537
037 _aEBOOK
040 _aCRL
040 _beng
040 _cCRL
041 _2eng
041 _aeng
084 _qCRL
100 _aRoger Bradford
_91207092
245 0 _aChildren, Families and Chronic Disease
245 0 _bPsychological Models of Care
260 _bTaylor and Francis
260 _c1997
365 _a
365 _b135
856 _uhttp://www.taylorfrancis.com/books/9780203130537
942 _cEBOOK
999 _c1809871
_d1809871